[Event "Vilnius Zavanelli Memorial op-B"]
[Site "Vilnius"]
[Date "2018.10.26"]
[Round "3"]
[White "Valantiejus, Vaidotas"]
[Black "Rutkauskas, Gediminas"]
[Result "1-0"]
[WhiteElo "2062"]
[BlackElo "1812"]
[PlyCount "97"]
[EventDate "2018.10.25"]
[EventType "swiss"]
[EventRounds "7"]
[EventCountry "LTU"]
[SourceTitle "CBM 187 Extra"]
[Source "ChessBase"]
[SourceDate "2018.11.04"]
[SourceVersion "1"]
[SourceVersionDate "2018.11.04"]
[SourceQuality "1"]

1. e4 e5 2. Nf3 Nc6 3. Bb5 a6 4. Ba4 Nf6 5. 0-0 Be7 6. Re1 b5 7. Bb3 0-0 8. h3 d6 9. c3 Bb7 10. d4 Na5 11. Bc2 Nc6 12. Nbd2 Re8 13. Nf1 Bf8 14. Ng3 g6 15. a4 Bg7 16. Bg5 h6 17. Bd2 Nd7 18. d5 Ne7 19. Qc1 Kh7 20. Nh2 Rb8 21. Ng4 Ng8 22. Ne3 h5 23. c4 bxc4 24. Nxc4 Nb6 25. Na5 Bc8 26. Bd3 Bd7 27. Nc6 Bxc6 28. Qxc6 Ne7 29. Qc2 c5 30. dxc6 Rc8 31. Bxa6 Rxc6 32. Qd3 h4 33. Nf1 d5 34. Bb5 Re6 35. a5 Nbc8 36. Bb4 dxe4 37. Qxd8 Rxd8 38. Rxe4 Rd4 39. Rxd4 exd4 40. a6 Na7 41. Bd7 Re2 42. Bc5 Nec6 43. Bxc6 Nxc6 44. a7 Nxa7 45. Rxa7 Rc2 46. b4 Kh6 47. Rxf7 d3 48. Rd7 d2 49. Rxd2 1-0

[Event "LTU-chT"]
[Site "Lithuania"]
[Date "2018.03.24"]
[Round "4.3"]
[White "Rutkauskas, Gediminas"]
[Black "Arulis, Algimantas I"]
[Result "1/2-1/2"]
[WhiteElo "1847"]
[BlackElo "2038"]
[PlyCount "119"]
[EventDate "2018.01.27"]
[EventType "team-swiss"]
[EventRounds "7"]
[EventCountry "LTU"]
[SourceTitle "EXT 2019"]
[Source "ChessBase"]
[SourceDate "2018.10.10"]
[SourceVersion "1"]
[SourceVersionDate "2018.10.10"]
[SourceQuality "1"]
[WhiteTeam "Vilnius LASF"]
[BlackTeam "Marijampole Suduva"]
[WhiteTeamCountry "LTU"]
[BlackTeamCountry "LTU"]

1. d4 f5 2. c4 e6 3. Nc3 Bb4 4. Bd2 Nf6 5. e3 0-0 6. Bd3 Nc6 7. Nge2 d6 8. a3 Bxc3 9. Nxc3 e5 10. d5 Ne7 11. e4 f4 12. f3 b6 13. Qe2 Ng6 14. 0-0-0 Bd7 15. g3 Qe8 16. Rdg1 a6 17. Qg2 Rf7 18. g4 Nh4 19. Qf1 g5 20. Be1 Ng6 21. h4 h6 22. hxg5 hxg5 23. Rh6 Rh7 24. Qh3 Qf7 25. Rh1 Qg7 26. Rxh7 Qxh7 27. Qg2 Qg7 28. Ne2 Kf7 29. Ng1 Ne7 30. Nh3 a5 31. b4 axb4 32. Bxb4 Rg8 33. Bc2 Qf8 34. Bb3 Qa8 35. Qc2 Ke8 36. Nf2 Ng6 37. Qc3 Ke7 38. Kb2 Rh8 39. Qc1 Nh4 40. Rh3 Qa7 41. Qc3 Kf7 42. Nd3 Re8 43. c5 Nxf3 44. Rxf3 Bxg4 45. cxd6 cxd6 46. Bxd6 Nxe4 47. Nxe5+ Kg8 48. Qd4 Bxf3 49. Bb4 Rxe5 50. Qxe5 Nc5 51. d6+ Nxb3 52. Qxg5+ Kf7 53. Qxf4+ Ke6 54. Qxf3 Nc5 55. Qg3 Qf7 56. Bxc5 Qf6+ 57. Qc3 Qxc3+ 58. Kxc3 bxc5 59. Kc4 Kxd6 60. a4 1/2-1/2

[Event "LTU-ch Blind and Visually Impaired"]
[Site "Vilnius"]
[Date "2016.04.22"]
[Round "4.4"]
[White "Rutkauskas, Gediminas"]
[Black "Novikovas, Anatolijus"]
[Result "1/2-1/2"]
[WhiteElo "1855"]
[BlackElo "1817"]
[PlyCount "109"]
[EventDate "2016.04.20"]
[EventType "tourn"]
[EventRounds "7"]
[EventCountry "LTU"]
[SourceTitle "EXT 2024"]
[Source "ChessBase"]
[SourceDate "2023.10.10"]
[SourceVersion "1"]
[SourceVersionDate "2023.10.10"]
[SourceQuality "1"]

1. Nf3 Nf6 2. d4 e6 3. c4 b6 4. g3 Ba6 5. Qc2 c5 6. Bg2 Bb7 7. e3 Nc6 8. 0-0 Nb4 9. Qd1 Be4 10. Ne1 Bxg2 11. Kxg2 Be7 12. a3 Na6 13. Nc3 Nc7 14. d5 exd5 15. cxd5 d6 16. Qd3 Qd7 17. e4 h5 18. h4 Ng4 19. Nf3 b5 20. Bd2 Bf6 21. Rab1 0-0 22. Bg5 Rfe8 23. Bxf6 Nxf6 24. b4 c4 25. Qc2 Qg4 26. Ng5 Qd7 27. f3 a6 28. Qf2 Qe7 29. Qd4 Nd7 30. f4 f6 31. Nf3 Qd8 32. Rbe1 Rf8 33. e5 fxe5 34. fxe5 dxe5 35. Nxe5 Nf6 36. Nc6 Qd6 37. Ne7+ Kh7 38. Ne4 Nxe4 39. Qxe4+ g6 40. Nxg6 Qxg6 41. Qe7+ Qg7 42. Qxg7+ Kxg7 43. Re7+ Kg6 44. Rxc7 Rxf1 45. Kxf1 Rd8 46. Rc5 Kf5 47. Ke2 Ke4 48. Rc6 Rxd5 49. Rxa6 Kd4 50. Kd2 Rf5 51. Rd6+ Ke5 52. Rb6 Kd4 53. Rd6+ Ke5 54. Rb6 Kd4 55. Rd6+ 1/2-1/2

[Event "LTU-ch Blind and Visually Impaired"]
[Site "Vilnius"]
[Date "2016.04.21"]
[Round "2.4"]
[White "Savin, Jevgenij"]
[Black "Rutkauskas, Gediminas"]
[Result "0-1"]
[WhiteElo "1677"]
[BlackElo "1855"]
[PlyCount "72"]
[EventDate "2016.04.20"]
[EventType "tourn"]
[EventRounds "7"]
[EventCountry "LTU"]
[SourceTitle "EXT 2024"]
[Source "ChessBase"]
[SourceDate "2023.10.10"]
[SourceVersion "1"]
[SourceVersionDate "2023.10.10"]
[SourceQuality "1"]

1. e4 d5 2. exd5 Nf6 3. d4 Bg4 4. Nf3 Qxd5 5. Be2 e6 6. Nc3 Bb4 7. 0-0 Bxc3 8. bxc3 0-0 9. c4 Qa5 10. Bd2 Qa4 11. h3 Bf5 12. Ne1 c5 13. Rb1 Qd7 14. dxc5 Nc6 15. Nd3 e5 16. g4 Be6 17. Bc3 Bxc4 18. Nxe5 Qxd1 19. Bxd1 Bxf1 20. Kxf1 Ne4 21. Nxc6 Nxc3 22. Ne7+ Kh8 23. Ra1 Rfe8 24. Nf5 Nxd1 25. Rxd1 Re5 26. Rd7 Rxc5 27. Rxb7 Kg8 28. Ne3 a5 29. a4 Rc3 30. Rb2 Ra3 31. Nc4 Rxa4 32. Nb6 Ra1+ 33. Ke2 Rd8 34. c4 a4 35. c5 a3 36. c6 axb2 0-1

[Event "LTU-ch Blind and Visually Impaired"]
[Site "Vilnius"]
[Date "2016.04.20"]
[Round "1.2"]
[White "Rutkauskas, Gediminas"]
[Black "Kuvsinov, Anatolij"]
[Result "1-0"]
[WhiteElo "1855"]
[BlackElo "1795"]
[PlyCount "69"]
[EventDate "2016.04.20"]
[EventType "tourn"]
[EventRounds "7"]
[EventCountry "LTU"]
[SourceTitle "EXT 2024"]
[Source "ChessBase"]
[SourceDate "2023.10.10"]
[SourceVersion "1"]
[SourceVersionDate "2023.10.10"]
[SourceQuality "1"]

1. e4 d6 2. d4 g6 3. c4 Bg7 4. f4 c5 5. d5 e5 6. Nc3 f5 7. exf5 Bxf5 8. Bd3 Ne7 9. fxe5 dxe5 10. Bg5 0-0 11. Bxf5 Rxf5 12. Ne4 Qa5+ 13. Qd2 Qxd2+ 14. Kxd2 Nc8 15. Nf3 Bf8 16. Be3 Nd6 17. Kd3 Nxe4 18. Kxe4 Nd7 19. Nd2 Nf6+ 20. Kd3 b6 21. h3 Ne8 22. Rhf1 Nd6 23. g4 Rxf1 24. Rxf1 Be7 25. Ne4 Kg7 26. Bd2 h6 27. Bc3 Nxe4 28. Kxe4 Bd6 29. Bxe5+ Bxe5 30. Kxe5 Re8+ 31. Kd6 Re2 32. Kc7 Rxb2 33. Rd1 b5 34. d6 bxc4 35. d7 1-0

[Event "LTU-chT"]
[Site "Lithuania"]
[Date "2016.02.06"]
[Round "4.4"]
[White "Rutkauskas, Gediminas"]
[Black "Jablokov, Dmitrij"]
[Result "0-1"]
[WhiteElo "1855"]
[BlackElo "1713"]
[PlyCount "80"]
[EventDate "2016.01.23"]
[EventType "team-swiss"]
[EventRounds "7"]
[EventCountry "LTU"]
[SourceTitle "CBM 170 Extra"]
[Source "ChessBase"]
[SourceDate "2016.02.25"]
[SourceVersion "1"]
[SourceVersionDate "2016.02.25"]
[SourceQuality "1"]
[WhiteTeam "LASF"]
[BlackTeam "Klaipeda Bokstas"]
[WhiteTeamCountry "LTU"]
[BlackTeamCountry "LTU"]

1. e4 c6 2. d4 d5 3. exd5 cxd5 4. c4 e6 5. Nc3 Nf6 6. Nf3 Be7 7. Bf4 0-0 8. Rc1 Nc6 9. Bd3 Qb6 10. Qb3 Nxd4 11. Nxd4 Qxd4 12. Ne2 Qb6 13. Qc2 dxc4 14. Bxc4 Bb4+ 15. Bd2 Bxd2+ 16. Qxd2 Rd8 17. Qc2 Bd7 18. 0-0 Rac8 19. Qb1 Bc6 20. Bd3 Rd7 21. Rc3 Rcd8 22. Rb3 Qc5 23. Rc1 Qg5 24. Ng3 h6 25. Bf1 Rd2 26. Rbc3 Qf4 27. Ne2 Qb4 28. Rb3 Qa5 29. Ra3 Qd5 30. Rg3 Qe5 31. Nc3 Qd4 32. Ne2 Qxb2 33. Qxb2 Rxb2 34. Nc3 Rdd2 35. f3 Rbc2 36. Rxc2 Rxc2 37. f4 g6 38. Rd3 Nd5 39. Nxd5 Bxd5 40. Ra3 Rxa2 0-1

[Event "LTU-ch blind and visual"]
[Site "Vilnius"]
[Date "2015.05.03"]
[Round "7.3"]
[White "Slusnys, Evaldas"]
[Black "Rutkauskas, Gediminas"]
[Result "1-0"]
[WhiteElo "1942"]
[BlackElo "1838"]
[PlyCount "169"]
[EventDate "2015.04.29"]
[EventType "tourn"]
[EventRounds "7"]
[EventCountry "LTU"]
[SourceTitle "EXT 2024"]
[Source "ChessBase"]
[SourceDate "2023.10.10"]
[SourceVersion "1"]
[SourceVersionDate "2023.10.10"]
[SourceQuality "1"]

1. e4 c5 2. Nf3 a6 3. c4 d6 4. d4 cxd4 5. Nxd4 e6 6. Nc3 Bd7 7. Be2 Nc6 8. Nc2 Qf6 9. 0-0 h5 10. Be3 g5 11. Qd2 g4 12. Rad1 Qg6 13. Bc5 Ne5 14. Bxd6 Nf3+ 15. Bxf3 gxf3 16. Ne3 Bc6 17. Bxf8 Kxf8 18. Qd6+ Kg7 19. Qg3 fxg2 20. Qxg6+ Kxg6 21. Nxg2 Nf6 22. f3 h4 23. Kf2 Kg5 24. Ke3 Rad8 25. Nf4 Rxd1 26. Nxd1 Nh5 27. Rg1+ Kf6 28. Nf2 Nxf4 29. Kxf4 Rd8 30. Ke3 e5 31. Ng4+ Ke6 32. Nh6 Rh8 33. Nf5 Kf6 34. Rg4 h3 35. Rg3 Rh5 36. Kd3 Bd7 37. Ne3 Rg5 38. Nd5+ Kg6 39. Rxg5+ Kxg5 40. b4 f5 41. Ke3 Ba4 42. f4+ exf4+ 43. Nxf4 fxe4 44. Nxh3+ Kf5 45. Nf2 Bc6 46. h4 b5 47. c5 Bd5 48. a3 Bc6 49. h5 Kg5 50. Nxe4+ Kxh5 51. Kf4 Kg6 52. Ke5 Kf7 53. Nd6+ Ke7 54. Nf5+ Kd7 55. Nd4 Bg2 56. Nf5 Bf3 57. Ne3 Bh1 58. Nd5 Kc6 59. Nf6 Bg2 60. Ke6 Bh3+ 61. Ke7 Bf5 62. Kd8 Bh3 63. Ng8 Kb7 64. Ne7 Bg2 65. Kd7 Bh3+ 66. Kd6 Bg4 67. c6+ Kb8 68. c7+ Kb7 69. Nc6 Kb6 70. Ne7 Kb7 71. Nd5 Bh3 72. Nf6 Bf5 73. Nd7 Bh3 74. Nc5+ Kb6 75. Ke7 Kxc7 76. Nxa6+ Kb6 77. Nc5 Bf1 78. Kd6 Be2 79. Nd7+ Ka6 80. Kc6 Bf1 81. Kc5 Be2 82. Nb6 Bf1 83. Nd5 Be2 84. Nc7+ Ka7 85. Nxb5+ 1-0

[Event "Vilnius Saltinis op"]
[Site "Vilnius"]
[Date "2013.06.25"]
[Round "2"]
[White "Grybas, Gintaras"]
[Black "Rutkauskas, Gediminas"]
[Result "1-0"]
[WhiteElo "1992"]
[BlackElo "1874"]
[PlyCount "133"]
[EventDate "2013.06.24"]
[EventType "swiss"]
[EventRounds "9"]
[EventCountry "LTU"]
[SourceTitle "CBM 155 Extra"]
[Source "ChessBase"]
[SourceDate "2013.08.26"]
[SourceVersion "1"]
[SourceVersionDate "2013.08.26"]
[SourceQuality "1"]

1. d4 Nf6 2. c4 b6 3. Nc3 Bb7 4. f3 e6 5. Bg5 Be7 6. e3 d5 7. Bd3 Nfd7 8. Bf4 Bg5 9. Nge2 Bxf4 10. Nxf4 Nf6 11. 0-0 c6 12. Rc1 Nbd7 13. cxd5 Nxd5 14. Nfxd5 exd5 15. e4 Qf6 16. Bb1 0-0 17. e5 Qf4 18. Qd3 g6 19. g3 Qh6 20. f4 f5 21. b4 a5 22. b5 c5 23. a4 Qg7 24. Qf3 cxd4 25. Nxd5 Nc5 26. Ba2 Kh8 27. Qa3 Bxd5 28. Bxd5 Rad8 29. Rxc5 bxc5 30. Qxc5 Qd7 31. Bc6 Qe6 32. Rd1 Qb3 33. Qc1 d3 34. Qa1 Kg8 35. Rd2 Qc4 36. Qe1 Kf7 37. Qe3 Ke6 38. Bf3 Rd4 39. b6 Rb8 40. b7 Qc3 41. Kg2 Rbd8 42. Qf2 Rb4 43. Kh3 Qd4 44. Qxd4 Rdxd4 45. Kg2 Rd8 46. Kf2 Rxa4 47. Rxd3 Rb8 48. Bc6 Rb4 49. Rd6+ Ke7 50. Rd7+ Ke6 51. Rd6+ Ke7 52. Ke3 a4 53. Rd3 R8xb7 54. Bxb7 Rxb7 55. Kd4 Rb2 56. h3 Rb7 57. Kc4 h6 58. Ra3 g5 59. Rxa4 gxf4 60. gxf4 Rc7+ 61. Kd3 Rd7+ 62. Ke2 Kf7 63. Ra6 Kg7 64. Rf6 Ra7 65. Rxf5 Ra3 66. e6 Ra6 67. Re5 1-0

[Event "Vilnius Saltinis op"]
[Site "Vilnius"]
[Date "2013.06.25"]
[Round "3"]
[White "Rutkauskas, Gediminas"]
[Black "Chycz, Viktar"]
[Result "1-0"]
[WhiteElo "1874"]
[BlackElo "1980"]
[PlyCount "43"]
[EventDate "2013.06.24"]
[EventType "swiss"]
[EventRounds "9"]
[EventCountry "LTU"]
[SourceTitle "CBM 155 Extra"]
[Source "ChessBase"]
[SourceDate "2013.08.26"]
[SourceVersion "1"]
[SourceVersionDate "2013.08.26"]
[SourceQuality "1"]

1. e4 c5 2. d4 cxd4 3. c3 dxc3 4. Nxc3 e6 5. Nf3 Bb4 6. Bd2 Ne7 7. Rc1 0-0 8. Bd3 g6 9. 0-0 d5 10. Bh6 Re8 11. Nb5 Nec6 12. Bf4 Na6 13. a3 Bf8 14. b4 dxe4 15. Bxe4 Qxd1 16. Rfxd1 e5 17. Be3 Re7 18. Nd6 Nc7 19. Nxc8 Rxc8 20. Bxc6 bxc6 21. Rxc6 Ra8 22. Bc5 1-0

[Event "LTU-ch blind and visually impaired"]
[Site "Vilnius"]
[Date "2013.05.14"]
[Round "5.5"]
[White "Berginas, Sigitas"]
[Black "Rutkauskas, Gediminas"]
[Result "0-1"]
[WhiteElo "1653"]
[BlackElo "1896"]
[PlyCount "48"]
[EventDate "2013.05.11"]
[EventType "tourn"]
[EventRounds "9"]
[EventCountry "LTU"]
[SourceTitle "EXT 2024"]
[Source "ChessBase"]
[SourceDate "2023.10.10"]
[SourceVersion "1"]
[SourceVersionDate "2023.10.10"]
[SourceQuality "1"]

1. Nf3 Nf6 2. d4 e6 3. c4 b6 4. g3 Bb7 5. Bg2 Be7 6. Nc3 Ne4 7. Nxe4 Bxe4 8. 0-0 0-0 9. b3 f5 10. Bb2 Bf6 11. Qd2 a5 12. e3 d6 13. Rfd1 Nd7 14. a3 Ra7 15. Ne1 Bxg2 16. Nxg2 g5 17. b4 Qe7 18. Bc3 a4 19. Ne1 Qg7 20. Rac1 f4 21. exf4 gxf4 22. d5 e5 23. Qe2 Bg5 24. Nf3 fxg3 0-1

[Event "LTU-ch blind and visually impaired"]
[Site "Vilnius"]
[Date "2013.05.11"]
[Round "1.3"]
[White "Grybas, Gintaras"]
[Black "Rutkauskas, Gediminas"]
[Result "1-0"]
[WhiteElo "1981"]
[BlackElo "1896"]
[PlyCount "74"]
[EventDate "2013.05.11"]
[EventType "tourn"]
[EventRounds "9"]
[EventCountry "LTU"]
[SourceTitle "EXT 2024"]
[Source "ChessBase"]
[SourceDate "2023.10.10"]
[SourceVersion "1"]
[SourceVersionDate "2023.10.10"]
[SourceQuality "1"]

1. d4 Nf6 2. c4 g6 3. Nc3 d5 4. f3 Bg7 5. Bg5 c6 6. e4 dxe4 7. fxe4 Qa5 8. Qd2 h6 9. Bh4 Qh5 10. Bg3 Qa5 11. Nf3 e6 12. Be2 Nbd7 13. 0-0 0-0 14. Bd6 Re8 15. e5 Nh7 16. Bd3 Qd8 17. Qf4 f5 18. exf6 Qxf6 19. Qxf6 Ndxf6 20. Bxg6 Rd8 21. c5 Nf8 22. Bc2 Ne8 23. Be5 Nd7 24. Bxg7 Kxg7 25. Rae1 Ndf6 26. Ne4 Nxe4 27. Rxe4 Nf6 28. Rf4 Rf8 29. Ne5 b6 30. R4f3 Ba6 31. Rg3+ Kh8 32. Ng6+ Kg7 33. Nxf8+ Kf7 34. Rxf6+ Kxf6 35. Nd7+ Kf7 36. Ne5+ Kf6 37. Rg6+ Ke7 1-0

[Event "LTU-chT"]
[Site "Vilnius"]
[Date "2013.02.10"]
[Round "5.4"]
[White "Rutkauskas, Gediminas"]
[Black "Ivanauskas, Raimundas"]
[Result "0-1"]
[WhiteElo "1923"]
[BlackElo "1729"]
[PlyCount "110"]
[EventDate "2013.01.19"]
[EventType "team-swiss"]
[EventRounds "7"]
[EventCountry "LTU"]
[SourceTitle "CBM 152 Extra"]
[Source "ChessBase"]
[SourceDate "2013.02.25"]
[SourceVersion "1"]
[SourceVersionDate "2013.02.25"]
[SourceQuality "1"]
[WhiteTeam "Vilnius LASF"]
[BlackTeam "Rokiskis"]
[WhiteTeamCountry "LTU"]
[BlackTeamCountry "LTU"]

1. e4 e5 2. Nf3 Nf6 3. d3 d6 4. Be2 Be7 5. 0-0 0-0 6. h3 Nc6 7. Be3 d5 8. exd5 Nxd5 9. d4 exd4 10. Nxd4 Nxe3 11. fxe3 Nxd4 12. exd4 Bf6 13. c3 Be6 14. Nd2 Bd5 15. Nf3 Re8 16. Bd3 Qd6 17. Qd2 Re7 18. Rae1 Rae8 19. Qf2 Qf4 20. Rxe7 Rxe7 21. Re1 Rxe1+ 22. Qxe1 g6 23. Qe2 Bxa2 24. Bc4 Bxc4 25. Qxc4 Qc1+ 26. Kh2 Qxb2 27. Qxc7 Qb5 28. Qb8+ Kg7 29. Qxa7 Qc6 30. Qa3 Qe4 31. Qd6 h5 32. c4 g5 33. Qg3 g4 34. hxg4 hxg4 35. Ne5 Bxe5 36. dxe5 Qxc4 37. Qe3 Qe6 38. Kg3 Qf5 39. Qd4 Kg6 40. Qd6+ Qe6 41. Qd3+ Qf5 42. Qd6+ Qe6 43. Qb8 Kf5 44. Qxb7 Qxe5+ 45. Kf2 g3+ 46. Kf3 Qf4+ 47. Ke2 Qe4+ 48. Qxe4+ Kxe4 49. Kd2 f5 50. Ke2 f4 51. Ke1 Ke3 52. Kf1 Kd2 53. Kg1 Ke1 54. Kh1 f3 55. gxf3 Kf2 0-1

[Event "LTU-chT"]
[Site "Vilnius"]
[Date "2013.02.09"]
[Round "4.4"]
[White "Rutkauskas, Gediminas"]
[Black "Pultinevicius, Paulius"]
[Result "0-1"]
[WhiteElo "1923"]
[BlackElo "1829"]
[PlyCount "95"]
[EventDate "2013.01.19"]
[EventType "team-swiss"]
[EventRounds "7"]
[EventCountry "LTU"]
[SourceTitle "CBM 152 Extra"]
[Source "ChessBase"]
[SourceDate "2013.02.25"]
[SourceVersion "1"]
[SourceVersionDate "2013.02.25"]
[SourceQuality "1"]
[WhiteTeam "Vilnius LASF"]
[BlackTeam "Vilkaviskis Sirvinta"]
[WhiteTeamCountry "LTU"]
[BlackTeamCountry "LTU"]

1. e4 e5 2. Nf3 Nc6 3. Bc4 Be7 4. c3 Nf6 5. Bxf7+ Kxf7 6. Qb3+ Kf8 7. 0-0 d5 8. d4 exd4 9. e5 Ne4 10. cxd4 Na5 11. Qe3 Nc4 12. Qe1 Bg4 13. Nbd2 Nexd2 14. Nxd2 Bb4 15. a3 Bxd2 16. Bxd2 Qh4 17. Bb4+ Ke8 18. b3 Nb6 19. Rc1 c6 20. Qe3 Kd7 21. a4 Rae8 22. a5 Na8 23. Qc3 Nc7 24. Bd6 Nb5 25. Qc5 Re6 26. a6 Nxd6 27. exd6 Rxd6 28. Qxa7 Qd8 29. Qxb7+ Qc7 30. Qb4 Rh6 31. f4 Be2 32. Rfe1 Rb8 33. Qd2 Bxa6 34. Rc3 Rf6 35. Rcc1 Rf7 36. g3 Qb6 37. Rc3 Re7 38. Rxe7+ Kxe7 39. Qe3+ Kf7 40. Qe5 Re8 41. Qh5+ Kf8 42. Qd1 Qb4 43. Rc1 Re2 44. Ra1 g6 45. Kh1 Qc3 46. Qf1 Rxh2+ 47. Kxh2 Bxf1 48. Rxf1 0-1

[Event "LTU-chT"]
[Site "Vilnius"]
[Date "2013.02.09"]
[Round "3.4"]
[White "Stauskas, Lukas"]
[Black "Rutkauskas, Gediminas"]
[Result "0-1"]
[WhiteElo "1735"]
[BlackElo "1923"]
[PlyCount "110"]
[EventDate "2013.01.19"]
[EventType "team-swiss"]
[EventRounds "7"]
[EventCountry "LTU"]
[SourceTitle "CBM 152 Extra"]
[Source "ChessBase"]
[SourceDate "2013.02.25"]
[SourceVersion "1"]
[SourceVersionDate "2013.02.25"]
[SourceQuality "1"]
[WhiteTeam "Siauliai Tomas"]
[BlackTeam "Vilnius LASF"]
[WhiteTeamCountry "LTU"]
[BlackTeamCountry "LTU"]

1. d4 Nf6 2. c4 g6 3. Nc3 d5 4. cxd5 Nxd5 5. e4 Nxc3 6. bxc3 c5 7. Bc4 Bg7 8. Ne2 Nc6 9. Be3 cxd4 10. cxd4 0-0 11. 0-0 Na5 12. Bd3 b6 13. Qd2 Bb7 14. f3 Rc8 15. Rac1 Qd7 16. Qb4 e5 17. d5 Rxc1 18. Rxc1 Rc8 19. Rd1 Bf8 20. Qb2 f6 21. Rc1 Qa4 22. Nc3 Qa3 23. Qxa3 Bxa3 24. Rc2 Nc4 25. Nb5 Nxe3 26. Rxc8+ Bxc8 27. Nxa3 a6 28. Be2 f5 29. Kf2 f4 30. Nc4 Nxc4 31. Bxc4 b5 32. Bb3 Kf8 33. Ke2 Ke7 34. Kd3 Kd6 35. a4 Bd7 36. axb5 axb5 37. Kc3 Kc5 38. Bc2 g5 39. Bd1 h5 40. h3 Be8 41. Bc2 b4+ 42. Kd2 Kd4 43. Bb3 Bd7 44. Bd1 Kc4 45. Kc2 Ba4+ 46. Kc1 Bd7 47. Kc2 Kd4 48. Kd2 Bb5 49. Be2 Bd7 50. Bd1 Bb5 51. Be2 Ba4 52. Bd1 b3 53. d6 Kc4 54. Kc1 Kc3 55. Kb1 Bb5 0-1

[Event "Vilnius Braille op"]
[Site "Vilnius"]
[Date "2012.07.08"]
[Round "8"]
[White "Rutkauskas, Gediminas"]
[Black "Aclan, Levent"]
[Result "1-0"]
[WhiteElo "1920"]
[BlackElo "1612"]
[PlyCount "41"]
[EventDate "2012.07.02"]
[EventType "swiss"]
[EventRounds "9"]
[EventCountry "LTU"]
[SourceTitle "EXT 2014"]
[Source "ChessBase"]
[SourceDate "2013.11.20"]
[SourceVersion "1"]
[SourceVersionDate "2013.11.20"]
[SourceQuality "1"]

1. e4 c5 2. Nf3 e6 3. Nc3 Nc6 4. d4 cxd4 5. Nxd4 Nge7 6. Be3 a6 7. Bc4 Qc7 8. Bb3 b5 9. 0-0 Bb7 10. Ndxb5 axb5 11. Nxb5 Qb8 12. Nd6+ Kd8 13. Nxf7+ Ke8 14. Nd6+ Qxd6 15. Qxd6 Nd5 16. Qxf8+ Rxf8 17. exd5 exd5 18. Bxd5 Ra5 19. c4 Ba6 20. Rfe1 Ne7 21. Bg5 1-0

[Event "Vilnius Braille op"]
[Site "Vilnius"]
[Date "2012.07.07"]
[Round "7"]
[White "Novikovas, Anatolijus"]
[Black "Rutkauskas, Gediminas"]
[Result "1-0"]
[WhiteElo "1918"]
[BlackElo "1920"]
[PlyCount "125"]
[EventDate "2012.07.02"]
[EventType "swiss"]
[EventRounds "9"]
[EventCountry "LTU"]
[SourceTitle "EXT 2014"]
[Source "ChessBase"]
[SourceDate "2013.11.20"]
[SourceVersion "1"]
[SourceVersionDate "2013.11.20"]
[SourceQuality "1"]

1. e4 e5 2. Nf3 d6 3. Bc4 Be7 4. c3 Nf6 5. d3 0-0 6. 0-0 Nc6 7. Bb3 Bg4 8. Nbd2 d5 9. Qe2 Na5 10. Bc2 c5 11. h3 Bh5 12. exd5 Re8 13. c4 Nd7 14. Ne4 f5 15. Ng3 Bg6 16. Bd2 b6 17. Bc3 Bd6 18. Ba4 h5 19. Bxd7 Qxd7 20. Nh4 Qf7 21. Nxg6 Qxg6 22. Qxh5 Qxh5 23. Nxh5 Kf7 24. Ng3 g6 25. Rfe1 Nb7 26. Nf1 g5 27. Nd2 Kg6 28. Re2 Re7 29. Rae1 Rae8 30. a3 a5 31. a4 Nd8 32. Nb1 Nf7 33. Na3 f4 34. Nb5 Kf5 35. g4+ Kf6 36. f3 Bb8 37. Kg2 Nd6 38. Na3 Nf7 39. Nb1 Nh8 40. Nd2 Nf7 41. b3 Kg6 42. d4 exd4 43. Rxe7 Rxe7 44. Rxe7 dxc3 45. Re6+ Kg7 46. Re2 cxd2 47. Rxd2 Be5 48. Re2 Kf6 49. Re1 Kg6 50. Re2 Kf6 51. Re1 Nd6 52. h4 Nf7 53. h5 Nh6 54. Kf1 Nf7 55. Ke2 Bd4 56. Kd3 Ne5+ 57. Ke4 Nf7 58. d6 Nxd6+ 59. Kd5 Nf7 60. Re6+ Kg7 61. Rxb6 Nh6 62. Rg6+ Kh7 63. Rxg5 1-0

[Event "Vilnius Braille op"]
[Site "Vilnius"]
[Date "2012.07.06"]
[Round "6"]
[White "Rutkauskas, Gediminas"]
[Black "Fernandez Manrique, Agustin"]
[Result "0-1"]
[WhiteElo "1920"]
[BlackElo "2169"]
[PlyCount "68"]
[EventDate "2012.07.02"]
[EventType "swiss"]
[EventRounds "9"]
[EventCountry "LTU"]
[SourceTitle "EXT 2014"]
[Source "ChessBase"]
[SourceDate "2013.11.20"]
[SourceVersion "1"]
[SourceVersionDate "2013.11.20"]
[SourceQuality "1"]

1. e4 e6 2. d4 d5 3. e5 c5 4. c3 Qb6 5. Nf3 Nc6 6. Bd3 cxd4 7. cxd4 Bd7 8. 0-0 Nxd4 9. Nxd4 Qxd4 10. Qe2 a6 11. Nd2 Ne7 12. Nf3 Qg4 13. h3 Qb4 14. Bd2 Qb6 15. a4 Nc6 16. a5 Qa7 17. Ng5 Be7 18. Be3 Qb8 19. f4 Bxg5 20. fxg5 Qxe5 21. Qf2 0-0 22. Bc5 Qxg5 23. Bxf8 Rxf8 24. Ra3 f5 25. Bb1 Qf6 26. Rd1 d4 27. Ba2 Kh8 28. Rad3 e5 29. Qd2 Qd6 30. Qg5 h6 31. Qg3 f4 32. Qf2 Nxa5 33. Bb1 Nc6 34. Qc2 Bf5 0-1